Pozycja Corporate Name
Liczba rekordów, w których użyto hasła: 1
001 - Numer kontrolny
- control field: 40305
003 - Identyfikator numeru kontrolnego
- control field: NUKAT
005 - Data i czas ostatniej modyfikacji
- control field: 20260419193951.0
008 - Dane kontrolne kodowane (40 znaków)
- fixed length control field: 970131n||a|znnaabn |a ana |c
010 ## - Numer kontrolny Biblioteki Kongresu
- numer kontrolny LC: n 97001548
024 7# - OTHER STANDARD IDENTIFIER
- Standard number or code: 264754576
- Source of number or code: viaf
024 7# - OTHER STANDARD IDENTIFIER
- Standard number or code: Q265058
- Source of number or code: wikidata
024 7# - OTHER STANDARD IDENTIFIER
- Standard number or code: 0000000121494407
- Source of number or code: isni
040 ## - Instytucja sporządzająca rekord
- inst. przygot. dane do rek. khw: GD U/MF
- język haseł przedmiotowych/tezaurus: kaba
- inst. wprow. rek. khw: GD U/MFc
- inst. modyf. rek. khw: LUBL 58/KKc
- inst. modyf. rek. khw: KRU 61PK
- inst. modyf. rek. khw: GD U/ang
- inst. modyf. rek. khw: KR 93/IZ
- inst. modyf. rek. khw: POZN U/AS
- inst. modyf. rek. khw: KR PAU/MS
- inst. modyf. rek. khw: KR PAU/LP
- inst. modyf. rek. khw: KR PAU/KW
- inst. modyf. rek. khw: KR PAU/LP
- inst. modyf. rek. khw: KR PAU/KW
- inst. modyf. rek. khw: WA U/JK
- inst. modyf. rek. khw: KAT U/JSt
043 ## - Kod obszaru geograficznego
- ISO code: HU
046 ## - Special dates
- Start period: 1840
110 2# - Hasło - nazwa ciała zbiorowego
- nazwa ciała zbior. lub geogr. na pocz.: Magyar Tudományos Akadémia.
368 ## - Other Attributes
- Corp type: Akademie i towarzystwa naukowe.
370 ## - Associated place
- Country: Węgry.
370 ## - Associated place
- Residence/HQ: Budapeszt (Węgry).
370 ## - Associated place
- Country: Austro-Węgry.
377 ## - Assoc lang
- Lang code: hun
410 2# - Trop zob. - nazwa ciała zbiorowego
- nazwa ciała zbior. lub geogr. na pocz.: MTA.
410 2# - Trop zob. - nazwa ciała zbiorowego
- nazwa ciała zbior. lub geogr. na pocz.: Academia Scientiarum Hungarica.
410 2# - Trop zob. - nazwa ciała zbiorowego
- nazwa ciała zbior. lub geogr. na pocz.: Ungarische Akademie der Wissenschaften.
410 2# - Trop zob. - nazwa ciała zbiorowego
- nazwa ciała zbior. lub geogr. na pocz.: Académie Hongroise des Sciences.
410 2# - Trop zob. - nazwa ciała zbiorowego
- nazwa ciała zbior. lub geogr. na pocz.: Hungarian Academy of Sciences.
410 2# - Trop zob. - nazwa ciała zbiorowego
- nazwa ciała zbior. lub geogr. na pocz.: Węgierska Akademia Nauk.
410 2# - Trop zob. - nazwa ciała zbiorowego
- nazwa ciała zbior. lub geogr. na pocz.: Académie des Sciences Hongroise.
410 2# - Trop zob. - nazwa ciała zbiorowego
- nazwa ciała zbior. lub geogr. na pocz.: Vengerskaâ Akademiâ Nauk.
410 2# - Trop zob. - nazwa ciała zbiorowego
- nazwa ciała zbior. lub geogr. na pocz.: Académie des Sciences de Hongrie.
410 2# - Trop zob. - nazwa ciała zbiorowego
- nazwa ciała zbior. lub geogr. na pocz.: Magyar Tud. Akadémia.
410 2# - Trop zob. - nazwa ciała zbiorowego
- nazwa ciała zbior. lub geogr. na pocz.: M.T. Akadémia.
410 2# - Trop zob. - nazwa ciała zbiorowego
- nazwa ciała zbior. lub geogr. na pocz.: Magy. Tudom. Akadémia.
410 2# - Trop zob. - nazwa ciała zbiorowego
- nazwa ciała zbior. lub geogr. na pocz.: M. Tud. Akadémia.
410 2# - Trop zob. - nazwa ciała zbiorowego
- nazwa ciała zbior. lub geogr. na pocz.: Magy. Tud. Akadémia.
410 2# - Trop zob. - nazwa ciała zbiorowego
- nazwa ciała zbior. lub geogr. na pocz.: VAN.
410 2# - Trop zob. - nazwa ciała zbiorowego
- nazwa ciała zbior. lub geogr. na pocz.: LIbrary of the Hyngarian Academy of Sciences.
510 2# - Trop zob. też - nazwa ciała zbiorowego
- podpole kontrolne: a
- nazwa ciała zbior. lub geogr. na pocz.: Magyar Tudós Társaság.
665 ## - Nota historyczna
- nota historyczna: Starania założenia towarzystwa naukowego podjęli Węgrzy w 1825. Ustawa z 18.08.1827 powołała Magyar Tudós Társaság (statut na Iszym Walnym zgromadzeniu 17.11.1830). Od 1840 pod nazwą: Magyar Tudományos Akadémia.
670 ## - Źródło informacji
- źródło informacji: WoL' 1994.
670 ## - Źródło informacji
- źródło informacji: LCN' 1996.
670 ## - Źródło informacji
- źródło informacji: Acta Biochimica et Biophysica. - 1966, Vol. 1, No. 1
670 ## - Źródło informacji
- źródło informacji: Acta Biochimica et Biophysica Hungarica. - 1986, Vol. 21, No. 1/2
670 ## - Źródło informacji
- źródło informacji: Etienne Batory. - Cracovie, 1935.
- gdzie znaleziono informację: S. tyt.: (Académie des Sciences Hongroise)
670 ## - Źródło informacji
- źródło informacji: Vengerskaâ Akademiâ Nauk / [red.: I. Rejtë]. - Budapešt, 1975.
670 ## - Źródło informacji
- źródło informacji: Revue de l'Academie des Sciences de Hongrie. - T. 8 (1961).
670 ## - Źródło informacji
- źródło informacji: Akademiai Értesítő / A Magyar Tud. Akadémia Megbizásából ; szerkeszti Szily Kálmán. - Buda-Pest, [1890-1955].
670 ## - Źródło informacji
- źródło informacji: Kp. Izabella és János Zsigmond Lengyelországban / alapján írta Szádeczky Lajos. - Budapest, 1888.
- gdzie znaleziono informację: Wyd. (M. T. Akadémia)
670 ## - Źródło informacji
- źródło informacji: Kp. Magyar, László Délafrikai utazásai 1849-57. években. Köt. 1 / a Magy. Tudom. Akadémia megbízásából. - Pest, 1859.
670 ## - Źródło informacji
- źródło informacji: Kp. Magyar tájszótár / kiadata a' Magyar Tudós Társaság. - Budán, 1838.
670 ## - Źródło informacji
- źródło informacji: hu.wikipedia, 20.06.2018
670 ## - Źródło informacji
- źródło informacji: Kp. Emlékbeszéd Molnár Aladár / Tanárky Gedeon. - Budapest, 1884.
- gdzie znaleziono informację: Wyd. (M. Tud. Akadémia)
670 ## - Źródło informacji
- źródło informacji: Kp. Emlékbeszéd Árkosi Benkő Dániel / Galgőczy Károly. - Budapest, 1884.
- gdzie znaleziono informację: Wyd. (Magy. Tud. Akadémia)
670 ## - Źródło informacji
- źródło informacji: Doklady naučnyh otdelenij VAN. - Budapešt, 1975.
670 ## - Źródło informacji
- źródło informacji: A catalogue of the Tibetan manuscripts and block prints in the Library of the Hungarian Academy of Sciences. Vol. 1 / by Gergely Orosz. - Budapest, © 2008.
- gdzie znaleziono informację: Wyd. (Library of the Hungarian Academy of Sciences)